00273 a2200109 4500001000700000020000600007040001100013100003900024240004800063245004300111362000900154165047 a  cMagnum aMarcellino, Nelson Carvalho Et Al.10aLazer: formacao e atuacao profissionallpor10aLazer: formacao e atuacao profissional0 a1899